000 00329nam a2200133Ia 4500
008 240624s9999 xx 000 0 und d
041 _aeng
082 _a658.403 MAR
100 _aMARCH JAMES G
245 _aPRIMER ON DECISION MAKING HOW DECISIONS
260 _c2009
_aNew York
_bFree Press
300 _a312 : p.
365 _cRS
999 _c18330
_d18330